000 00601nam a2200193 a 4500
001 000011326
005 20240412074225.0
008 091016s2004 dr a 000 p spa d
040 _aDO-SdBNP
_bspa
_cBNPHU
082 _aRD861.44
_bS593t
100 1 _aSimo, Dennis
_926929
245 1 0 _aTu, yo y el silencio /
_cDennis Simo.
260 _a[Santo Domingo] :
_bQuiñones.,
_c[199-].
300 _a58 p. :
_bil. ;
_c23 cm.
500 _aIncluye datos biográficos del autor en la solapa de la contraportada
650 0 _aPoesía dominicana
_966
650 0 _aLiteratura dominicana.
_967
049 _aBNPD
999 _c11033
_d11033